| 000 | 00785cam a2200205 i 4500 | ||
|---|---|---|---|
| 005 | 20251108164044.0 | ||
| 008 | 250721s2009 jo a gr 000 0 ara d | ||
| 082 | 1 | 4 |
_a005.4 _bب ز م |
| 100 | 1 |
_aالبزم، نضال _eمؤلف. |
|
| 245 | 1 | 0 |
_aإحترف cs3 إنديزاين : _bأكثر من 90 درسا في شرح خطوات العمل شرح استعمال مفاتيح الاختصار للبرنامج / _cتأليف : نضال البزم. |
| 246 | 1 | 0 | _aIn design cs3. |
| 250 | _aالطبعة الأولى. | ||
| 264 | 1 |
_aعمان : _bدار عالم الثقافة، _c2009. |
|
| 300 | _a159 صفحة. | ||
| 650 | 1 | 7 | _aالحواسيب. |
| 650 | 1 | 7 | _aعلم الحاسوب. |
| 653 | _aالبرمجيات الجاهزه. | ||
| 942 |
_2ddc _cBK |
||
| 999 |
_c2474 _d2474 |
||